000 00449nam a2200169Ia 4500
008 090711s9999 xx 000 0 und d
082 _b204
100 _aखरे नंदा
245 _aसंप्रति
260 _bग्रंथाली
_c1999
300 _a206
600 _aखरे नंदा
630 _aसंप्रति
700 _aखरे नंदा
730 _aसंप्रति
942 _cBOOK
999 _c335084
_d335084